[Event "San Sebastian de los Reyes op 17th"]
[Site "San Sebastian"]
[Date "2015.12.06"]
[Round "7"]
[White "Alfaya Martinez, Enrique"]
[Black "Di Pietro Moreno, Fatima"]
[Result "1-0"]
[WhiteElo "1586"]
[BlackElo "1408"]
[PlyCount "101"]
[EventDate "2015.11.30"]
[EventType "swiss"]
[EventRounds "9"]
[EventCountry "ESP"]
[SourceTitle "CBM 170 Extra"]
[Source "ChessBase"]
[SourceDate "2016.02.25"]
[SourceVersion "1"]
[SourceVersionDate "2016.02.25"]
[SourceQuality "1"]

1. d4 d5 2. Nf3 Nf6 3. Bf4 Bf5 4. e3 c6 5. h3 Qb6 6. b3 e6 7. Be2 Bb4+ 8. Nfd2 Ne4 9. 0-0 Nxd2 10. Nxd2 Nd7 11. a3 Be7 12. c4 Nf6 13. c5 Qd8 14. b4 0-0 15. a4 Qd7 16. b5 h6 17. bxc6 bxc6 18. Nb3 Ne4 19. Qe1 g5 20. Bh2 Bd8 21. Ra2 Bc7 22. Bxc7 Qxc7 23. Rb2 e5 24. f3 Nf6 25. Qa5 Qe7 26. Qd2 exd4 27. Nxd4 Bd7 28. Rb7 Qxc5 29. Rc1 Qd6 30. Qc3 Rfc8 31. Rb2 Rc7 32. Ba6 c5 33. Nb5 Bxb5 34. Bxb5 a6 35. Bf1 Nd7 36. a5 c4 37. Rd1 Rb8 38. Rxb8+ Nxb8 39. Rb1 Rc8 40. Rb6 Qc5 41. Rxh6 Kf8 42. Rh8+ Ke7 43. Qe5+ Kd7 44. Qf5+ Ke7 45. Qxg5+ Kd7 46. Qf5+ Kd6 47. Rxc8 Qxe3+ 48. Kh1 Qe6 49. Qf4+ Qe5 50. Rd8+ Nd7 51. Rxd7+ 1-0